[Event "68th Warsaw-ch-A 2019"]
[Site "Warsaw"]
[Date "2019.11.15"]
[Round "4.8"]
[White "Malec, Sebastian"]
[Black "Liberadzki, Slawomir"]
[Result "1-0"]
[WhiteElo "2069"]
[BlackElo "1999"]
[Annotator "NA"]
[PlyCount "93"]
[EventDate "2019.11.14"]
[EventType "swiss"]
[EventCountry "POL"]
[SourceTitle "playchess.com"]
[Source "ChessBase"]
[SourceQuality "1"]
[TimeControl "5400+30"]

1. e4 {[%emt 0:08:09]} c5 {[%emt 0:00:00]} 2. Nf3 {[%emt 0:00:05]} e6 {[%emt 0:00:00]} 3. d4 {[%emt 0:00:03]} cxd4 {[%emt 0:00:03]} 4. Nxd4 {[%emt 0:00:03]} Nc6 {[%emt 0:00:08]} 5. Nc3 {[%emt 0:00:04]} a6 {[%emt 0:00:32]} 6. Nxc6 {[%emt 0:08:28]} dxc6 {[%emt 0:01:10]} 7. Qxd8+ {[%emt 0:09:26]} Kxd8 {[%emt 0:00:04]} 8. Bf4 {[%emt 0:01:41]} Bc5 {[%emt 0:08:11]} 9. Na4 {[%emt 0:04:50]} Ba7 {[%emt 0:00:30]} 10. Rd1+ {[%emt 0:00:44]} Bd7 {[%emt 0:09:40]} 11. Bd6 {[%emt 0:11:29]} Nf6 {[%emt 0:03:18]} 12. f3 {[%emt 0:00:34]} b5 {[%emt 0:09:12]} 13. Nc5 {[%emt 0:00:45]} Ne8 {[%emt 0:11:34]} 14. Bf8 {[%emt 0:01:40]} Bxc5 {[%emt 0:08:15]} 15. Bxc5 {[%emt 0:00:06]} e5 {[%emt 0:09:08]} 16. g3 {[%emt 0:01:04]} Kc7 {[%emt 0:04:39]} 17. h4 {[%emt 0:00:21]} Rd8 {[%emt 0:11:58]} 18. Rh2 {[%emt 0:00:32]} Nf6 {[%emt 0:03:07]} 19. Bd6+ {[%emt 0:01:56]} Kc8 {[%emt 0:01:07]} 20. Bxe5 {[%emt 0:00:14]} Be6 {[%emt 0:03:15]} 21. Rxd8+ {[%emt 0:03:53]} Rxd8 {[%emt 0:02:22]} 22. Bxf6 {[%emt 0:00:03]} gxf6 {[%emt 0:00:11]} 23. Bh3 {[%emt 0:00:02]} Bxh3 {[%emt 0:07:11]} 24. Rxh3 {[%emt 0:00:04]} Rd4 {[%emt 0:00:49]} 25. Ke2 {[%emt 0:02:15]} Ra4 {[%emt 0:01:19]} 26. a3 {[%emt 0:00:17]} b4 {[%emt 0:00:57]} 27. axb4 {[%emt 0:00:03]} Ra2 {[%emt 0:00:40]} 28. Kd3 {[%emt 0:01:31]} Rxb2 {[%emt 0:00:05]} 29. c3 {[%emt 0:02:06]} Rf2 {[%emt 0:01:37]} 30. g4 {[%emt 0:00:05]} h6 {[%emt 0:00:07]} 31. h5 {[%emt 0:00:15]} Kd7 {[%emt 0:01:25]} 32. Ke3 {[%emt 0:00:40]} Rc2 {[%emt 0:00:06]} 33. Kd4 {[%emt 0:00:02]} Rf2 {[%emt 0:01:25]} 34. e5 {[%emt 0:00:57]} fxe5+ {[%emt 0:00:34]} 35. Kxe5 {[%emt 0:00:04]} Ke7 {[%emt 0:00:07]} 36. g5 {[%emt 0:02:47]} f6+ {[%emt 0:02:03]} 37. gxf6+ {[%emt 0:00:05]} Kf7 {[%emt 0:00:03]} 38. Rg3 {[%emt 0:01:18]} Rc2 {[%emt 0:01:17]} 39. f4 {[%emt 0:00:39]} Rc1 {[%emt 0:00:48]} 40. Kf5 {[%emt 0:01:32]} Rc2 {[%emt 0:00:26]} 41. Rg7+ {[%emt 0:02:48]} Kf8 {[%emt 0:00:09]} 42. Ra7 {[%emt 0:00:07]} Rxc3 {[%emt 0:00:15]} 43. Kg6 {[%emt 0:00:05]} Rg3+ {[%emt 0:00:25]} 44. Kxh6 {[%emt 0:00:05]} Rg4 {[%emt 0:00:26]} 45. f5 {[%emt 0:04:22]} Rxb4 {[%emt 0:00:14]} 46. Kg5 {[%emt 0:00:01]} c5 {[%emt 0:01:05]} 47. h6 {[%emt 0:00:14]} 1-0

[Event "68th Warsaw-ch-A 2019"]
[Site "Warsaw"]
[Date "2019.11.15"]
[Round "4.9"]
[White "Derylo, Kamil"]
[Black "Sliwerski, Radoslaw"]
[Result "1/2-1/2"]
[WhiteElo "1969"]
[BlackElo "2091"]
[Annotator "NA RC"]
[PlyCount "129"]
[EventDate "2019.11.14"]
[EventType "swiss"]
[EventCountry "POL"]
[SourceTitle "playchess.com"]
[Source "ChessBase"]
[SourceQuality "1"]
[TimeControl "5400+30"]

1. Nf3 {[%emt 0:00:00]} d5 {[%emt 0:00:00]} 2. e3 {[%emt 0:00:00]} e6 {[%emt 0:00:15]} 3. c4 {[%emt 0:00:00]} Nf6 {[%emt 0:00:21]} 4. b3 {[%emt 0:00:05]} Be7 {[%emt 0:00:11]} 5. Bb2 {[%emt 0:00:09]} O-O {[%emt 0:00:08]} 6. Nc3 {[%emt 0:00:04]} b6 {[%emt 0:00:25]} 7. cxd5 {[%emt 0:00:08]} exd5 {[%emt 0:00:57]} 8. d4 {[%emt 0:00:53]} c5 {[%emt 0:00:02]} 9. Bd3 {[%emt 0:01:43]} Nc6 {[%emt 0:02:44]} 10. dxc5 {[%emt 0:03:37]} bxc5 {[%emt 0:00:30]} 11. O-O {[%emt 0:00:16]} Bg4 {[%emt 0:01:18]} 12. Be2 {[%emt 0:07:43]} Rc8 {[%emt 0:02:00]} 13. Rc1 {[%emt 0:00:34]} Re8 {[%emt 0:08:54]} 14. h3 {[%emt 0:06:44]} Bh5 {[%emt 0:01:17]} 15. Na4 {[%emt 0:01:07]} Ne4 {[%emt 0:02:01]} 16. Nd2 {[%emt 0:01:04]} Nxd2 {[%emt 0:14:18]} 17. Qxd2 {[%emt 0:01:21]} Bxe2 {[%emt 0:02:58]} 18. Qxe2 {[%emt 0:00:08]} Qa5 {[%emt 0:11:32]} 19. Qg4 {[%emt 0:03:30]} g6 {[%emt 0:02:00]} 20. Rfd1 {[%emt 0:00:48]} c4 {[%emt 0:08:47]} 21. Qf3 {[%emt 0:14:26]} Red8 {[%emt 0:07:41]} 22. Qe2 {[%emt 0:10:46]} Bf8 {[%emt 0:06:17]} 23. Bf6 {[%emt 0:07:26]} Be7 {[%emt 0:02:26]} 24. Bxe7 {[%emt 0:04:00]} Nxe7 {[%emt 0:00:24]} 25. Qd2 {[%emt 0:04:22]} Nc6 {[%emt 0:00:57]} 26. Qxa5 {[%emt 0:00:43]} Nxa5 {[%emt 0:00:02]} 27. b4 {[%emt 0:02:41]} Nc6 {[%emt 0:06:16]} 28. a3 {[%emt 0:00:03]} f5 {[%emt 0:00:51]} 29. Nc5 {[%emt 0:04:37]} Kf7 {[%emt 0:00:51]} 30. f3 {[%emt 0:00:47]} Ne5 {[%emt 0:05:19]} 31. Rd4 {[%emt 0:02:53]} Nc6 {[%emt 0:01:36]} 32. Rd2 {[%emt 0:01:58]} d4 {[%emt 0:03:55]} 33. exd4 {[%emt 0:01:50]} Nxd4 {[%emt 0:00:09]} 34. Kf2 {[%emt 0:01:32]} Nb5 {[%emt 0:01:36]} 35. Rxd8 {[%emt 0:00:25]} Rxd8 {[%emt 0:00:01]} 36. a4 {[%emt 0:00:44]} Nd6 {[%emt 0:01:00]} 37. f4 {[%emt 0:06:04]} Re8 {[%emt 0:05:32]} 38. Kf3 {[%emt 0:03:48]} Ne4 {[%emt 0:00:46]} 39. Nxe4 {[%emt 0:04:10]} Rxe4 {[%emt 0:00:02]} 40. g4 {[%emt 0:05:04]} Ke6 {[%emt 0:00:30]} 41. g5 {[%emt 0:00:48]} Kd5 {[%emt 0:00:31]} 42. b5 {[%emt 0:01:06]} Kc5 {[%emt 0:00:27]} 43. h4 {[%emt 0:00:36]} Kb4 {[%emt 0:00:40]} 44. Rb1+ {[%emt 0:00:41]} Kxa4 {[%emt 0:01:35]} 45. Ra1+ {[%emt 0:00:30]} Kxb5 {[%emt 0:00:02]} 46. Rxa7 {[%emt 0:00:03]} Kb6 {[%emt 0:00:49]} 47. Ra8 {[%emt 0:00:41]} Re7 {[%emt 0:00:23]} 48. Rc8 {[%emt 0:00:30]} Kb5 {[%emt 0:00:35]} 49. h5 {[%emt 0:00:12]} gxh5 {[%emt 0:00:47]} 50. Kg3 {[%emt 0:00:31]} Re3+ {[%emt 0:01:27]} 51. Kh4 {[%emt 0:00:28]} c3 {[%emt 0:00:03]} 52. Rc7 {[%emt 0:00:10]} Kb4 {[%emt 0:00:09]} 53. Rxh7 {[%emt 0:00:08]} c2 {[%emt 0:00:10]} 54. Rb7+ {[%emt 0:00:45]} Kc3 {[%emt 0:00:28]} 55. g6 {[%emt 0:00:38]} Re4 {[%emt 0:00:17]} 56. Rc7+ {[%emt 0:00:29]} Rc4 {[%emt 0:00:08]} 57. Rxc4+ {[%emt 0:00:04]} Kxc4 {[%emt 0:00:09]} 58. g7 {[%emt 0:00:03]} c1=Q {[%emt 0:00:10]} 59. g8=Q+ {[%emt 0:00:05]} Kd4 {[%emt 0:00:06]} 60. Qg7+ {[%emt 0:00:51]} Ke4 {[%emt 0:00:04]} 61. Qg2+ {[%emt 0:01:02]} Kd4 {[%emt 0:01:07]} 62. Kg5 {[%emt 0:01:25]} Qc8 {[%emt 0:01:10]} 63. Qd2+ {[%emt 0:00:30]} Ke4 {[%emt 0:00:01]} 64. Qe2+ {[%emt 0:00:10]} Kd4 {[%emt 0:00:02]} 65. Qd2+ {[%emt 0:00:04] Ke5} 1/2-1/2

[Event "68th Warsaw-ch-A 2019"]
[Site "Warsaw"]
[Date "2019.11.15"]
[Round "4.10"]
[White "Urbaniak, Karol"]
[Black "Sadowski, Miroslaw"]
[Result "0-1"]
[WhiteElo "1812"]
[BlackElo "1998"]
[Annotator "NA"]
[PlyCount "84"]
[EventDate "2019.11.14"]
[EventType "swiss"]
[EventCountry "POL"]
[SourceTitle "playchess.com"]
[Source "ChessBase"]
[SourceQuality "1"]
[TimeControl "5400+30"]

1. e4 {[%emt 0:00:00]} d6 {[%emt 0:00:00]} 2. d4 {[%emt 0:00:00]} Nf6 {[%emt 0:00:00]} 3. Nc3 {[%emt 0:00:03]} e5 {[%emt 0:00:00]} 4. Nf3 {[%emt 0:00:16]} Nbd7 {[%emt 0:00:00]} 5. Bc4 {[%emt 0:00:36]} Be7 {[%emt 0:00:02]} 6. h3 {[%emt 0:01:04]} c6 {[%emt 0:00:32]} 7. a4 {[%emt 0:02:20]} a5 {[%emt 0:01:22]} 8. O-O {[%emt 0:01:40]} O-O {[%emt 0:00:05]} 9. Ba2 {[%emt 0:00:53]} exd4 {[%emt 0:05:48]} 10. Nxd4 {[%emt 0:01:04]} Nc5 {[%emt 0:00:10]} 11. Re1 {[%emt 0:01:04]} Be6 {[%emt 0:04:23]} 12. Bf4 {[%emt 0:09:29]} Bxa2 {[%emt 0:09:42]} 13. Rxa2 {[%emt 0:00:08]} Ne6 {[%emt 0:00:16]} 14. Nxe6 {[%emt 0:03:30]} fxe6 {[%emt 0:00:09]} 15. e5 {[%emt 0:00:42]} Nd5 {[%emt 0:13:01]} 16. Nxd5 {[%emt 0:01:37]} exd5 {[%emt 0:00:18]} 17. Qg4 {[%emt 0:01:30]} dxe5 {[%emt 0:00:27]} 18. Bxe5 {[%emt 0:05:21]} Bf6 {[%emt 0:00:53]} 19. Qd4 {[%emt 0:06:55]} Bxe5 {[%emt 0:04:27]} 20. Rxe5 {[%emt 0:01:32]} Qf6 {[%emt 0:01:26]} 21. Ra3 {[%emt 0:01:53]} Rae8 {[%emt 0:02:25]} 22. f4 {[%emt 0:01:22]} Rxe5 {[%emt 0:00:26]} 23. Qxe5 {[%emt 0:03:04]} Qxf4 {[%emt 0:01:36]} 24. Qxf4 {[%emt 0:01:51]} Rxf4 {[%emt 0:00:08]} 25. Rb3 {[%emt 0:00:09]} Rb4 {[%emt 0:03:36]} 26. Re3 {[%emt 0:03:57]} Rxb2 {[%emt 0:00:13]} 27. Re7 {[%emt 0:00:06]} Rb4 {[%emt 0:01:53]} 28. Kf2 {[%emt 0:00:22]} Rxa4 {[%emt 0:00:08]} 29. Rxb7 {[%emt 0:00:43]} Rc4 {[%emt 0:00:05]} 30. Rb2 {[%emt 0:00:15]} Kf7 {[%emt 0:00:26]} 31. Ke3 {[%emt 0:00:22]} Ke6 {[%emt 0:00:17]} 32. Kd3 {[%emt 0:00:36]} Rb4 {[%emt 0:02:07]} 33. Ra2 {[%emt 0:00:22]} a4 {[%emt 0:00:08]} 34. c3 {[%emt 0:00:09]} Re4 {[%emt 0:00:22]} 35. Ra1 {[%emt 0:01:02]} h5 {[%emt 0:00:33]} 36. Kd2 {[%emt 0:00:24]} g5 {[%emt 0:00:29]} 37. Kd3 {[%emt 0:00:26]} Ke5 {[%emt 0:01:05]} 38. g3 {[%emt 0:00:41]} h4 {[%emt 0:04:08]} 39. g4 {[%emt 0:02:24]} Kf4 {[%emt 0:01:02]} 40. Rf1+ {[%emt 0:00:19]} Kg3 {[%emt 0:00:06]} 41. Rf5 {[%emt 0:00:06]} Kxh3 {[%emt 0:00:09]} 42. Rxg5 {[%emt 0:00:09]} Rxg4 {[%emt 0:00:07] Kd4} 0-1

[Event "68th Warsaw-ch-A 2019"]
[Site "Warsaw"]
[Date "2019.11.16"]
[Round "5.1"]
[White "Kowalski, Igor"]
[Black "Jarmula, Lukasz"]
[Result "1/2-1/2"]
[WhiteElo "2346"]
[BlackElo "2466"]
[Annotator "ChessBase"]
[PlyCount "41"]
[EventDate "2019.11.14"]
[EventType "swiss"]
[EventCountry "POL"]
[SourceTitle "playchess.com"]
[Source "ChessBase"]
[SourceQuality "1"]
[TimeControl "5400+30"]

1. d4 {[%emt 0:00:00]} Nf6 {[%emt 0:00:00]} 2. c4 {[%emt 0:00:00]} g6 {[%emt 0:00:00]} 3. Nc3 {[%emt 0:00:00]} d5 {[%emt 0:00:04]} 4. Nf3 {[%emt 0:00:00]} Bg7 {[%emt 0:00:07]} 5. h4 {[%emt 0:00:46]} dxc4 {[%emt 0:00:31]} 6. e4 {[%emt 0:00:15]} c5 {[%emt 0:00:12]} 7. d5 {[%emt 0:01:03]} b5 {[%emt 0:00:06]} 8. e5 {[%emt 0:01:34]} Ng4 {[%emt 0:04:25]} 9. Nxb5 {[%emt 0:02:19]} Qa5+ {[%emt 0:10:59]} 10. Nc3 {[%emt 0:00:17]} Nxe5 {[%emt 0:00:10]} 11. Nxe5 {[%emt 0:01:31]} Bxe5 {[%emt 0:00:07]} 12. Bd2 {[%emt 0:00:17]} O-O {[%emt 0:15:05]} 13. Bxc4 {[%emt 0:10:51]} Ba6 {[%emt 0:08:44]} 14. Na4 {[%emt 0:18:06]} Qc7 {[%emt 0:12:22]} 15. Rc1 {[%emt 0:01:48]} Bd4 {[%emt 0:07:42]} 16. O-O {[%emt 0:00:18]} Bxc4 {[%emt 0:00:59]} 17. Rxc4 {[%emt 0:05:26]} Qd6 {[%emt 0:01:43]} 18. Bc3 {[%emt 0:00:19]} Bxc3 {[%emt 0:00:24]} 19. Nxc3 {[%emt 0:00:20]} Nd7 {[%emt 0:07:25]} 20. Ne4 {[%emt 0:05:55]} Qe5 21. Nxc5 1/2-1/2

[Event "68th Warsaw-ch-A 2019"]
[Site "Warsaw"]
[Date "2019.11.16"]
[Round "5.2"]
[White "Paprocki, Jaroslaw"]
[Black "Deszczynski, Adam"]
[Result "1/2-1/2"]
[WhiteElo "2184"]
[BlackElo "2291"]
[Annotator "NA"]
[PlyCount "41"]
[EventDate "2019.11.14"]
[EventType "swiss"]
[EventCountry "POL"]
[SourceTitle "playchess.com"]
[Source "ChessBase"]
[SourceQuality "1"]
[TimeControl "5400+30"]

1. d4 {[%emt 0:14:35]} Nf6 {[%emt 0:00:41]} 2. c4 {[%emt 0:00:50]} g6 {[%emt 0:06:55]} 3. Nc3 {[%emt 0:00:09]} Bg7 {[%emt 0:02:00]} 4. e4 {[%emt 0:00:07]} d6 {[%emt 0:00:15]} 5. Be2 {[%emt 0:00:33]} c5 {[%emt 0:01:48]} 6. d5 {[%emt 0:00:36]} e6 {[%emt 0:03:32]} 7. Bg5 {[%emt 0:05:01]} h6 {[%emt 0:11:13]} 8. Be3 {[%emt 0:02:10]} exd5 {[%emt 0:05:03]} 9. exd5 {[%emt 0:00:46]} Qe7 {[%emt 0:04:32]} 10. h3 {[%emt 0:08:08]} Bf5 {[%emt 0:03:28]} 11. Bd3 {[%emt 0:06:03]} Ne4 {[%emt 0:05:52]} 12. Nge2 {[%emt 0:04:56]} Nd7 {[%emt 0:03:06]} 13. O-O {[%emt 0:06:04]} O-O {[%emt 0:04:13]} 14. Bxe4 {[%emt 0:09:35]} Bxe4 {[%emt 0:00:12]} 15. f3 {[%emt 0:01:08]} Bf5 {[%emt 0:08:30]} 16. Qd2 {[%emt 0:00:16]} Ne5 {[%emt 0:07:52]} 17. b3 {[%emt 0:00:52]} Bd3 {[%emt 0:00:35]} 18. Bxh6 {[%emt 0:09:39]} Bxh6 {[%emt 0:02:55]} 19. Qxh6 {[%emt 0:00:07]} Bxe2 {[%emt 0:00:46]} 20. Nxe2 {[%emt 0:00:20]} Nxc4 {[%emt 0:02:03]} 21. bxc4 {[%emt 0:02:21]} 1/2-1/2

[Event "68th Warsaw-ch-A 2019"]
[Site "Warsaw"]
[Date "2019.11.16"]
[Round "5.3"]
[White "Kozak, Antoni"]
[Black "Mickiewicz, Piotr"]
[Result "1-0"]
[WhiteElo "2350"]
[BlackElo "2216"]
[Annotator "ChessBase"]
[PlyCount "99"]
[EventDate "2019.11.14"]
[EventType "swiss"]
[EventCountry "POL"]
[SourceTitle "playchess.com"]
[Source "ChessBase"]
[SourceQuality "1"]
[TimeControl "5400+30"]

1. d4 {[%emt 0:00:00]} Nf6 {[%emt 0:05:34]} 2. c4 {[%emt 0:00:00]} g6 {[%emt 0:00:25]} 3. Nc3 {[%emt 0:00:00]} Bg7 {[%emt 0:00:05]} 4. e4 {[%emt 0:00:00]} d6 {[%emt 0:00:03]} 5. Nf3 {[%emt 0:00:00]} O-O {[%emt 0:00:11]} 6. h3 {[%emt 0:00:00]} c5 {[%emt 0:00:26]} 7. d5 {[%emt 0:00:09]} e6 {[%emt 0:00:03]} 8. Bd3 {[%emt 0:00:13]} exd5 {[%emt 0:00:06]} 9. exd5 {[%emt 0:06:04]} Re8+ {[%emt 0:00:46]} 10. Be3 {[%emt 0:00:07]} Bh6 {[%emt 0:01:35]} 11. O-O {[%emt 0:00:05]} Bxe3 {[%emt 0:00:52]} 12. fxe3 {[%emt 0:00:04]} Nbd7 {[%emt 0:00:34]} 13. Nb5 {[%emt 0:27:06]} Ne5 {[%emt 0:13:54]} 14. Nxe5 {[%emt 0:00:26]} Rxe5 {[%emt 0:00:04]} 15. Qf3 {[%emt 0:01:04]} Kg7 {[%emt 0:36:06]} 16. Rf2 {[%emt 0:06:33]} Qe7 {[%emt 0:13:42]} 17. Raf1 {[%emt 0:05:58]} Bf5 {[%emt 0:03:29]} 18. e4 {[%emt 0:00:55]} Nxe4 {[%emt 0:09:47]} 19. Bxe4 {[%emt 0:01:00]} Rxe4 {[%emt 0:01:34]} 20. g4 {[%emt 0:03:16]} Re3 {[%emt 0:00:35]} 21. Qf4 {[%emt 0:07:50]} Bd3 {[%emt 0:03:27]} 22. Qxf7+ {[%emt 0:00:08]} Kh6 {[%emt 0:00:36]} 23. Qf4+ {[%emt 0:02:19]} Qg5 {[%emt 0:01:11]} 24. Rd1 {[%emt 0:01:54]} Qxf4 {[%emt 0:02:52]} 25. Rxf4 {[%emt 0:00:04]} Kg5 {[%emt 0:00:47]} 26. Rf2 {[%emt 0:02:41]} Rxh3 {[%emt 0:02:14]} 27. Nxd6 {[%emt 0:02:07]} Kxg4 28. Rg2+ {[%emt 0:02:34]} Kh4 {[%emt 0:01:11]} 29. Nxb7 {[%emt 0:12:07]} Be4 {[%emt 0:00:50]} 30. Nxc5 {[%emt 0:00:05]} Bxg2 {[%emt 0:00:47]} 31. Kxg2 {[%emt 0:00:04]} Rg3+ {[%emt 0:00:15]} 32. Kf2 {[%emt 0:00:01]} Rf8+ {[%emt 0:00:25]} 33. Ke2 {[%emt 0:00:04]} Rg2+ {[%emt 0:00:54]} 34. Ke3 {[%emt 0:00:03]} Kg4 {[%emt 0:01:03]} 35. Rd4+ {[%emt 0:00:33]} Kg3 {[%emt 0:00:33]} 36. d6 {[%emt 0:01:03]} Rxb2 {[%emt 0:00:30]} 37. Ne4+ {[%emt 0:00:46]} Kg2 {[%emt 0:00:08]} 38. Ng5 {[%emt 0:02:49]} Kf1 {[%emt 0:00:53]} 39. d7 {[%emt 0:00:34]} Re2+ {[%emt 0:00:26]} 40. Kd3 {[%emt 0:00:02]} Ke1 {[%emt 0:00:17]} 41. c5 {[%emt 0:01:11]} Rd2+ {[%emt 0:00:46]} 42. Kc3 {[%emt 0:00:16]} Rxa2 {[%emt 0:00:30]} 43. Ne6 {[%emt 0:03:07]} Rb8 {[%emt 0:00:33]} 44. c6 {[%emt 0:00:33]} Rb6 {[%emt 0:00:30]} 45. Re4+ {[%emt 0:01:00]} Kf1 {[%emt 0:00:13]} 46. Rc4 {[%emt 0:00:20]} Ra3+ {[%emt 0:00:29]} 47. Kd4 {[%emt 0:00:10]} Ra1 {[%emt 0:00:11]} 48. d8=Q {[%emt 0:00:13]} Rd1+ {[%emt 0:00:17]} 49. Ke5 {[%emt 0:00:07]} Rb5+ {[%emt 0:00:28]} 50. Kf6 {[%emt 0:00:17]} 1-0

[Event "68th Warsaw-ch-A 2019"]
[Site "Warsaw"]
[Date "2019.11.16"]
[Round "5.4"]
[White "Jakubowska, Anna"]
[Black "Mis, Mieszko"]
[Result "1/2-1/2"]
[WhiteElo "2112"]
[BlackElo "2328"]
[Annotator "NA"]
[PlyCount "74"]
[EventDate "2019.11.14"]
[EventType "swiss"]
[EventCountry "POL"]
[SourceTitle "playchess.com"]
[Source "ChessBase"]
[SourceQuality "1"]
[TimeControl "5400+30"]

1. e4 {[%emt 0:00:00]} c6 {[%emt 0:00:00]} 2. d4 {[%emt 0:00:00]} d5 {[%emt 0:00:00]} 3. Nc3 {[%emt 0:00:00]} dxe4 {[%emt 0:00:26]} 4. Nxe4 {[%emt 0:00:06]} Nd7 {[%emt 0:00:41]} 5. Ng5 {[%emt 0:01:38]} Ngf6 {[%emt 0:00:16]} 6. Bd3 {[%emt 0:00:36]} e6 {[%emt 0:00:13]} 7. N1f3 {[%emt 0:00:31]} Bd6 {[%emt 0:00:49]} 8. Qe2 {[%emt 0:00:41]} h6 {[%emt 0:00:13]} 9. Ne4 {[%emt 0:00:30]} Nxe4 {[%emt 0:00:07]} 10. Qxe4 {[%emt 0:00:35]} Nf6 {[%emt 0:00:06]} 11. Qe2 {[%emt 0:00:40]} Qc7 {[%emt 0:00:32]} 12. Bd2 {[%emt 0:03:14]} b6 {[%emt 0:00:14]} 13. O-O-O {[%emt 0:03:17]} Bb7 {[%emt 0:00:06]} 14. Kb1 {[%emt 0:03:52]} c5 {[%emt 0:02:10]} 15. dxc5 {[%emt 0:08:46]} bxc5 {[%emt 0:00:31]} 16. Bb5+ {[%emt 0:07:24]} Ke7 {[%emt 0:04:24]} 17. Bc3 {[%emt 0:09:20]} Rhd8 {[%emt 0:11:49]} 18. Be5 {[%emt 0:04:16]} Bxf3 {[%emt 0:11:02]} 19. Bxf6+ {[%emt 0:01:18]} gxf6 {[%emt 0:00:25]} 20. Qxf3 {[%emt 0:02:15]} Rab8 {[%emt 0:02:10]} 21. Bc4 {[%emt 0:06:14]} Be5 {[%emt 0:00:39]} 22. c3 {[%emt 0:02:44]} Qb6 {[%emt 0:00:34]} 23. b3 {[%emt 0:01:29]} Qa5 {[%emt 0:08:43]} 24. Kb2 {[%emt 0:02:40]} Qb4 {[%emt 0:12:40]} 25. Rxd8 {[%emt 0:03:06]} Rxd8 {[%emt 0:00:37]} 26. Rc1 {[%emt 0:02:52]} Qb6 {[%emt 0:07:44]} 27. Rd1 {[%emt 0:03:03]} Rxd1 {[%emt 0:01:43]} 28. Qxd1 {[%emt 0:00:04]} Qc6 {[%emt 0:00:30]} 29. Qf1 {[%emt 0:07:34]} Qe4 {[%emt 0:05:59]} 30. h3 {[%emt 0:03:47]} Qf4 {[%emt 0:02:13]} 31. Qe2 {[%emt 0:00:51]} Qh2 {[%emt 0:02:33]} 32. Qf3 {[%emt 0:03:44]} Qg1 {[%emt 0:00:52]} 33. Bb5 {[%emt 0:01:13]} Kf8 {[%emt 0:03:59]} 34. Bc6 {[%emt 0:01:43]} Qe1 {[%emt 0:03:42]} 35. Qe3 {[%emt 0:01:00]} Qxe3 {[%emt 0:02:39]} 36. fxe3 {[%emt 0:00:05]} f5 {[%emt 0:00:38]} 37. Kc2 {[%emt 0:00:53]} Ke7 {[%emt 0:00:39]} 1/2-1/2

[Event "68th Warsaw-ch-A 2019"]
[Site "Warsaw"]
[Date "2019.11.16"]
[Round "5.5"]
[White "Chomczyk, Marek"]
[Black "Malec, Sebastian"]
[Result "1-0"]
[WhiteElo "2282"]
[BlackElo "2069"]
[Annotator "TA"]
[PlyCount "137"]
[EventDate "2019.11.14"]
[EventType "swiss"]
[EventCountry "POL"]
[SourceTitle "playchess.com"]
[Source "ChessBase"]
[SourceQuality "1"]

{[%evp 13,137,19,52,17,12,6,8,0,18,8,40,28,42,45,45,0,31,22,25,26,20,20,29,35,68,60,120,39,48,58,56,0,89,82,82,88,118,95,154,151,147,160,144,158,175,161,198,156,285,279,279,283,334,322,368,325,304,246,339,288,362,338,398,398,493,487,502,489,462,363,314,238,222,244,233,219,1136,955,12836,12836,12837,12837,12837,12838,12838,12838,12839,12839,12839,12840,12840,12840,12840,12839,12839,12839,12841,12842,12842,12843,12843,12842,12842,12843,12843,12843,12844,12844,12845,12845,12845,12846,12850,27999,12851,27999,12851,27999,12851,27999,12851,12851,12851,27999,12851,27999]} 1. d4 Nf6 2. c4 e6 3. Nc3 Bb4 4. Qc2 d6 5. a3 Bxc3+ 6. Qxc3 Nc6 7. Nf3 Qe7 8. Bg5 {E33: Nimzo-Indian: Classical: 4...Nc6} (8. b4 e5 9. dxe5 dxe5 10. b5 Nd4 11. Nxe5 Qxe5 12. Bb2 c5 13. bxc6 Ne4 14. Qxd4 Qa5+ 15. Kd1 Bf5 16. Qe5+ Qxe5 17. Bxe5 {1-0 (48) Holt,C (2548)-Bachmann,A (2631) chess.com INT 2019}) 8... h6 9. Bxf6 Qxf6 10. e4 {The position is equal.} g5 $146 ({Predecessor:} 10... e5 11. dxe5 dxe5 12. h3 Nd4 13. Nxd4 exd4 14. Qb4 c6 15. Be2 Qe5 {0-1 (44) Petrovic,D (2048)-Ivic,M (1930) Jagodina 2014}) 11. e5 dxe5 12. Nxe5 Nxe5 13. dxe5 Qf4 14. h4 g4 15. Rd1 Qe4+ 16. Kd2 Bd7 17. Qe3 Qxe3+ 18. Kxe3 O-O-O 19. Be2 Rhg8 (19... Rdg8 $14) 20. g3 ({Better is} 20. Rd4 $1 $16) 20... f5 21. exf6 Rdf8 22. Rd3 ({White should try} 22. Rd4 $14) 22... e5 (22... Bc6 $11 23. Re1 Rxf6) 23. Rhd1 $16 Be6 24. c5 Rxf6 {[#]} 25. c6 $1 Bf5 (25... bxc6 $142 26. Rd8+ Kb7) 26. Rd8+ Rxd8 27. cxb7+ Kxb7 28. Rxd8 {[%mdl 4096] Endgame KRB-KRB} Rb6 29. b4 Rc6 30. Rf8 Bg6 (30... Bb1 $16 {might work better.} 31. Bxg4 Rc3+ 32. Kd2 Rxa3) 31. Bxg4 $18 Rc3+ 32. Kd2 Rd3+ 33. Ke2 Rd6 34. h5 Bc2 {White must now prevent ...Bd1+.} 35. Kf1 e4 36. Re8 Kc6 37. Bf5 Kd5 38. f3 Kc4 39. Bxe4 Ba4 40. Ra8 a6 41. Ra7 Kb3 42. Rxc7 Kxa3 43. g4 Kxb4 44. Kf2 Bd1 $2 (44... a5 45. f4 Bd1) 45. Rc6 Rxc6 46. Bxc6 {KB-KB} Kc5 47. Bb7 Kd6 48. Bxa6 Ke7 49. Kg3 Kf6 50. Bb7 Be2 51. f4 Bd1 52. Be4 Bb3 53. Bf5 Bf7 54. Kh4 Be8 55. Bc8 Bb5 56. g5+ Kg7 57. Bg4 Bd3 58. Kg3 Bc2 59. Kf2 Kf7 60. Ke3 Ke7 61. Kd4 Kf7 62. Ke5 hxg5 63. fxg5 {White threatens Be6+ and mate.} Kg7 64. Bf5 Bb3 65. h6+ Kh8 66. g6 Bf7 67. g7+ Kg8 68. Kf6 {[%csl Gf5][%cal Rh6h7]} Bg6 {[#]} 69. Be6+ {Accuracy: White = 69%, Black = 27%.} (69. h7+ $1 $18 Kxh7 (69... Bxh7 70. Be6#) 70. Bxg6+ Kg8 71. Bf7+ Kh7 72. g8=Q+ Kh6 73. Qh8#) 1-0